| 000 | 00365nam a2200145Ia 4500 | ||
|---|---|---|---|
| 005 | 20260415145212.0 | ||
| 008 | 191201s2007 xx 000 0 und d | ||
| 100 | _aMaheshwari, S K | ||
| 245 | 2 | _aA Text Book of Accounting for Management | |
| 250 | _a1st | ||
| 260 |
_c2007 _bVikas Publication House _aN.Delhi |
||
| 300 | _a4.302 | ||
| 650 | _aMBA | ||
| 942 |
_2ddc _cBB |
||
| 999 |
_c7235 _d7235 |
||